| Поле | Название | Значение |
| |
Тип записи |
a |
| |
Библиографический уровень |
m |
| 001 |
Контрольный номер |
RU/URAIT/586563 |
| 005 |
Дата корректировки |
20260429163706.8 |
| 008 |
Кодируемые данные |
260429s2026 RU y f j 000 0 rus u |
| 020 |
Индекс ISBN |
__ |
| a |
ISBN |
978-5-534-20243-4 |
| c |
Цена, тираж |
809.00 |
| 040 |
Источник каталогиз. |
__ |
| a |
Служба первич. каталог. |
ИКО Юрайт |
| c |
Служба, преобразующая запись |
ИКО Юрайт |
| e |
Правила каталог. |
RCR |
| 041 |
Код языка издания |
__ |
| a |
Код языка текста |
rus |
| 044 |
Код страны публикации |
__ |
| a |
Код страны публикации |
RU |
| 080 |
Индекс УДК |
__ |
| a |
Индекс УДК |
616092(075.32) |
| 084 |
Индекс другой классификации/Индекс ББК |
__ |
| 2 |
Источник индекса |
rubbk |
| a |
Индекс другой классификации/Индекс ББК |
52.5я723 |
| 100 |
Автор |
__ |
| a |
Автор |
Красников В. Е. |
| q |
Полное имя |
Красников Владимир Егорович |
| 245 |
Заглавие |
__ |
| a |
Заглавие |
Основы патологии: общая нозология |
| b |
Продолж. заглавия |
учебное пособие для спо |
| c |
Ответственность |
В. Е. Красников, Е. А. Чагина. |
| 250 |
Сведения об издании |
__ |
| g |
|
пер. и доп |
| a |
Основные сведения об издании |
2-е изд. |
| 256 |
Характеристики компьютерного файла |
__ |
| a |
Характеристики компьютерного файла |
Электрон. дан. |
| 260 |
Выходные данные |
__ |
| a |
Место издания |
Москва |
| b |
Издательство |
Юрайт |
| c |
Дата издания |
2026 |
| 300 |
Физическое описание |
__ |
| a |
Объем |
167 с |
| 440 |
Серия |
__ |
| a |
Серия |
Профессиональное образование |
| 500 |
Примечания |
__ |
| a |
Примечание |
URL: https://urait.ru/bcode/586563 (дата обращения: 29.04.2026). |
| 520 |
Аннотация |
__ |
| a |
Аннотация |
Курс содержит материалы о предмете, целях и задачах патофизиологии, ее значении и месте в образовательном обучении студентов. Дана современная трактовка общей нозологии и ее категорий (здоровье, норма, предболезнь, болезнь, патологический процесс, типовой патологический процесс и др.). Рассмотрены роль реактивности, резистентности и конституции организма, их положительные и отрицательные стороны в патологии. |
| 538 |
Прим. о системных особенностях |
__ |
| a |
Прим. о системных особенностях |
Режим доступа: Электронно-библиотечная система Юрайт, для авториз. пользователей |
| 653 |
Ключевые слова |
__ |
| a |
Ключевые слова |
Анатомия и физиология. Цитология. Гистология. Эмбриология |
| 653 |
Ключевые слова |
__ |
| a |
Ключевые слова |
Медицина и фармакология |
| 653 |
Ключевые слова |
__ |
| a |
Ключевые слова |
Патологическая физиология |
| 653 |
Ключевые слова |
__ |
| a |
Ключевые слова |
Патология |
| 653 |
Ключевые слова |
__ |
| a |
Ключевые слова |
Патофизиология |
| 653 |
Ключевые слова |
__ |
| a |
Ключевые слова |
Общая патология |
| 653 |
Ключевые слова |
__ |
| a |
Ключевые слова |
Основы патологии |
| 653 |
Ключевые слова |
__ |
| a |
Ключевые слова |
Основы патологии и первая медицинская помощь |
| 653 |
Ключевые слова |
__ |
| a |
Ключевые слова |
Патологическая анатомия и патологическая физиология |
| 653 |
Ключевые слова |
__ |
| a |
Ключевые слова |
Основы общей патологии |
| 700 |
Другие авторы |
__ |
| a |
Другие авторы |
Чагина Е. А. |
| q |
Полное имя |
Чагина Евгения Александровна |
| 856 |
Электронный адрес документа |
40 |
| n |
Местонахождение сервера |
Юрайт |
| g |
|
Электронная книга |
| q |
Тип электронного формата |
html |
| h |
Имя пользователя |
ЮРАЙТ |
| v |
Часы доступа к ресурсу |
20271231 |
| 2 |
Способ доступа |
Показать документ |
| x |
Служебное примечание |
https://urait.ru/book/cover/E4BDC562-5DA3-494D-9C91-9913B353622F |
| u |
URL |
https://urait.ru/bcode/586563 |
| 856 |
Электронный адрес документа |
48 |
| q |
Тип электронного формата |
cover |
| u |
URL |
https://urait.ru/book/cover/E4BDC562-5DA3-494D-9C91-9913B353622F |
| 911 |
|
__ |
| u |
|
0030=https://urait.ru/bcode/586563 |
| 911 |
|
__ |
| u |
|
073a=9785534202434 |
| u |
|
073d=809.00 |
| 911 |
|
__ |
| u |
|
106a=s |
| 911 |
|
__ |
| u |
|
900l= |
| 952 |
Тип литературы |
__ |
| i |
Дисциплина |
Патологическая физиология |
| 952 |
Тип литературы |
__ |
| i |
Дисциплина |
Патология |
| 952 |
Тип литературы |
__ |
| i |
Дисциплина |
Патофизиология |
| 952 |
Тип литературы |
__ |
| i |
Дисциплина |
Общая патология |
| 952 |
Тип литературы |
__ |
| i |
Дисциплина |
Основы патологии |
| 952 |
Тип литературы |
__ |
| i |
Дисциплина |
Основы патологии и первая медицинская помощь |
| 952 |
Тип литературы |
__ |
| i |
Дисциплина |
Патологическая анатомия и патологическая физиология |
| 952 |
Тип литературы |
__ |
| i |
Дисциплина |
Основы общей патологии |